| 000 | 00326nam a22001097a 4500 | ||
|---|---|---|---|
| 008 | 170110b xxu||||| |||| 00| 0 eng d | ||
| 020 | _a9780803614642 | ||
| 041 | _aeng | ||
| 080 |
_22ND _a618.2 |
||
| 245 |
_aLABORATORY AND DIAGNOSTIC TESTS WITH NURSING IMPLICATIONS _cVAN LEEUWEN, A.M & KRANPITZ, T.R & SMITH, L |
||
| 942 |
_2udc _cBK |
||
| 999 |
_c2620 _d2620 |
||